Bibliographie zum Archivwesen für die Jahre 1990 und 1991
| Titel: | Bibliographie zum Archivwesen für die Jahre 1990 und 1991 |
|---|---|
| Beteiligt: | ; ; |
| In: |
Archivalische Zeitschrift, Band 79 (1996), Seite 141-256 alle Artikel anzeigen |
| Veröffentlicht: | 1996 |
| Format: | Aufsatz |
| Sprache: | Deutsch |
X
alg: 39165375 001A $01999:11-11-16 001B $01999:29-03-21 $t21:45:52.000 001C $06050:19-11-16 $t08:46:13.000 001D $01999:11-11-16 001U $0utf8 001X $00 002@ $0Aox 003@ $039165375X 007A $039165375X $aHEB 007T $0Herd09134 010@ $ager 011@ $a1996 021A $aBibliographie zum Archivwesen für die Jahre 1990 und 1991 028C $aWerth $BMitarb. $dKarin 028C/01 $aKlaiber $BMitarb. $dGerhard 028C/02 $aHeber $BBearb. $dJochen 031A $d79 $h141-256 $j1996 037A $a1647 Positionen; darin Mecklenburg-Vorpommern (196-198, Nr. 919-950); Polen (228-229, Nr. 1500-1511); Slowakische Republik (232, Nr. 1571-1578); Tschechische Republik (233-235, Nr. 1591-1618)* 039B $aIn $8--Abvc--. Archivalische Zeitschrift. - Köln : Böhlau, 1876-. - ISSN 0003-9497 $x199600000790000859 $9047256281 045F $a907.2094371 $eDDC23BSB 045F/01 $a907.2 045F/03 $g4371 045F/03 $g4373 045F/03 $g438 045T $a8 lok: 39165375 78 exp: 39165375 78 1 #EPN 201B/01 $026-11-17 $t00:47:29.000 201U/01 $0utf8 203@/01 $0787748315 208@/01 $a11-11-16 $be 209A/01 $a/ $f000 $x00 220C/01 $aTitelaufnehmer: nk 244Z/01 $2Trx $#Pomeranija $#Pommern $#Pomoransko $#Pomořansko $#Hinterpommern;Vorpommern;Mittelpommern $#Pomorze Środkowe;Pomorze Przednie $#Pomořansko;Západní Pomořany; Pomořany $8--Trx--Pomorze Zachodnie $x01 $9391303775 244Z/01 $2Trx $#Poola $#Lenkija $#Polija $#Polen Land $#Poland $#Lengyelország $#Poľsko $#Polsko $8--Trx--Polska$gkraj $x02 $9391345966 244Z/01 $2Trx $#Slowakische Republik $#Szlovák Köztársaság $#Republika Słowacka $#Slovenská Republika $#Slovensko $#Slowakei $#Słowacja $#Slovensko $8--Trx--Slovenská Republika $x03 $9391345796 244Z/01 $#Tschechien $#Tschechische Republik $#Tschechische Republik $#Tschechenland $#Tschechei Tschechien $#Česká Republika $#Czech Republic $#ČR $74303381-7 $8--Tg1--Tschechien $x04 $9086659812 244Z/01 $2Trx $#Böhmen $#Bohemia $#Czechy $8--Trx--Čechy $x05 $9391188941 244Z/01 $aGeschichte 1990-1991 $x06 244Z/01 $2Trx $#arhiivi olemus $#archyvistika $#archivistics $#levéltári dolog $#archiwistyka $#archívnictvo $#archivnictví $8--Trx--Archivwesen $x07 $939135406X 244Z/01 $2Trx $#bibliograafiad üldine $#bibliografijos bendras $#Bibliographies in general $#szakirodalmak általános $#bibliografie ogólnie $#bibliografie všeobecne $#bibliografie všeobecně $8--Trx--Bibliographien$gallgemein $x08 $939137379X 244Z/01 $2Trx $8--Trx--Zeitschriftenaufsatz $x09 $9391384341 245Z/01 $a04.02 $x01 247C/01 $82080>Marburg/Lahn, Herder-Institut, Forschungsbibliothek, Bibliographieportal $9336309341
| LEADER | 00000caa a22000002c 4500 | ||
|---|---|---|---|
| 001 | 39165375X | ||
| 003 | DE-603 | ||
| 005 | 20210329214552.0 | ||
| 007 | tu | ||
| 008 | 161111s1996 xx |||| | u00||u|ger c | ||
| 035 | |a (DE-599)HEB39165375X | ||
| 040 | |a DE-603 |b ger |c DE-603 |d DE-603 | ||
| 041 | |a ger | ||
| 082 | 0 | 4 | |8 1\u |a 907.2094371 |q DE-101 |2 23/BSB |
| 084 | |a 8 |2 ssgn | ||
| 085 | |8 1\u |b 907.2 | ||
| 085 | |8 1\u |z 2 |s 4371 | ||
| 085 | |8 1\u |z 2 |s 4373 | ||
| 085 | |8 1\u |z 2 |s 438 | ||
| 245 | 0 | 0 | |a Bibliographie zum Archivwesen für die Jahre 1990 und 1991 |
| 264 | 0 | |c 1996 | |
| 500 | |a 1647 Positionen; darin Mecklenburg-Vorpommern (196-198, Nr. 919-950); Polen (228-229, Nr. 1500-1511); Slowakische Republik (232, Nr. 1571-1578); Tschechische Republik (233-235, Nr. 1591-1618)* | ||
| 700 | 1 | |a Werth, Karin |e Mitarb. |4 ctb | |
| 700 | 1 | |a Klaiber, Gerhard |e Mitarb. |4 ctb | |
| 700 | 1 | |a Heber, Jochen |e Bearb. |4 edt | |
| 773 | 0 | 8 | |i In |t Archivalische Zeitschrift |d Köln : Böhlau, 1876- |x 0003-9497 |g Band 79 (1996), Seite 141-256 |w (DE-603)047256281 |w (DE-600)201051-3 |
| 924 | 0 | |9 2080 |a (DE-603)787748315 |b DE-2080 |c HES |d d |g / | |


